000 00400nam a2200169Ia 4500
005 20250603145614.0
008 250603s9999 xx 000 0 und d
020 _a9781842659458
050 _aTP 248.65.P76 .R36/
100 _aRamya, A.
245 0 _aProtein engineering
260 _aOxford
260 _bAlpha Science International Ltd.
260 _c2015
650 _aOxford
942 _cBK
999 _c42329
_d42329